Normal view
MARC view
- OPTIMIZED SECURITY PROTOCOL FOR WIRELESS SENSOR NETWORKS.SECURITY IN WIRELESS SENSOR NETWORKS
Entry Topical Term
001 - CONTROL NUMBER
- control field: 68118
003 - CONTROL NUMBER IDENTIFIER
- control field: NUST
005 - DATE AND TIME OF LATEST TRANSACTION
- control field: 20210628203959.0
008 - FIXED-LENGTH DATA ELEMENTS
- fixed length control field: 210628|| aca||aabn | a|a d
040 ## - CATALOGING SOURCE
- Original cataloging agency: NUST
- Transcribing agency: NUST
150 ## - HEADING--TOPICAL TERM
- Topical term or geographic name entry element: OPTIMIZED SECURITY PROTOCOL FOR WIRELESS SENSOR NETWORKS.SECURITY IN WIRELESS SENSOR NETWORKS
670 ## - SOURCE DATA FOUND
- Source citation: Work cat.: (NUST): Younus Javed, Hassan Tahir 68117, Optimized security protocol for wireless sensor networks, security in wireless sensor networks, 2012
